000 00749nam a22002175i 4500
001 151994
003 ES-MaACL
005 20230906204501.0
008 940301s1876 fr a |||| | fre d
040 _aCAM
_bspa
080 _a612.84/.88
100 1 _aBernstein, J.
_9125953
245 1 4 _aLes sens /
_cpar J. Bernstein.
260 _aParis :
_bLibrairie Germer Baillière,
_c1876.
300 _aVIII, 260, 4 p. :
_bil. ;
_c22 cm.
490 1 _aBibliothèque scientifique internationale ;
_v16
650 4 _aSentidos.
_917046
830 0 _aBibliothèque scientifique internationale ;
_v16
_9186949
852 _aES-MaACL
_jF-14346
_z-- Enc. editorial en tela
_x-- Edic.: El imp. es: Coulommiers : Typ. A. Moussin
999 _c151994
_d151994